عرض عادي عرض مارك
  • Hubbell, Gerald R.

مدخل إسم شخص

عدد التسجيلات المستخدمة في: 1

001 - رقم الضبط

  • حقل الضبط: 42087

003 - معرف رقم الضبط

  • حقل الضبط: OSt

005 - تاريخ ووقت أخر عملية

  • حقل الضبط: 20140111125327.0

008 - عناصر بيانات ثابتة الطول

  • حقل تحكم ثابت الطول: 140111|||a|||||| | ||| d

040 ## - مصدر الفهرسة

  • هيئة الفهرسة الأصلية: OSt
  • وكالة الكتابة: OSt

100 ## - مدخل -- أسم شخص

  • إسم شخص: Hubbell, Gerald R.
  • مصطلح الرابط: Author

670 ## - بيانات المصدر موجوده

  • الاستشهاد بالمصدر: Work cat.: (OSt)0: Hubbell, Gerald R. Author, Scientific Astrophotography, Nov. 2012